00466cam a2200157ua 45000010005000000080039000050400009000440820012000531000035000652450084001002500009001842600034001933000010002276530012002376530059002495961131109n ii |||gr||||Z||||||eng cMAIN a954.035 aBhandari,Purushottam,eAuthor. aFreedom Movement And Role Of Indian Nepalese 1800-1950cby Purushottam Bhandari a1st. aAssam:bRama Bhandari,c1996. a169p. aHistory aFreedom Movement And Role Of Indian Nepalese 1800-1950